BIBLIOTECA PODER JUDICIAL
Portal Judicial TDF

Pasantías : (Registro nro. 5976)

000 -LEADER
fixed length control field 01217nab a22002177a 4500
003 - CONTROL NUMBER IDENTIFIER
control field OSt
005 - DATE AND TIME OF LATEST TRANSACTION
control field 20260114160117.0
008 - FIXED-LENGTH DATA ELEMENTS--GENERAL INFORMATION
fixed length control field 190605e xxu||||| |||| 00| 0 spa d
040 ## - CATALOGING SOURCE
Transcribing agency PJ
100 ## - MAIN ENTRY--PERSONAL NAME
9 (RLIN) 6237
Personal name Zanoni, Melissa
245 10 - TITLE STATEMENT
Title Pasantías :
Remainder of title una buena forma de desarrollar relaciones laborales internacionales /
Statement of responsibility, etc Melissa Zanoni.
260 ## - PUBLICATION, DISTRIBUTION, ETC. (IMPRINT)
Place of publication, distribution, etc Ciudad Autónoma de Buenos Aires :
Name of publisher, distributor, etc Thomson Reuters La Ley,
Date of publication, distribution, etc 2022.
300 ## - PHYSICAL DESCRIPTION
Extent p. 42-47
500 ## - GENERAL NOTE
General note Cita: TR LALEY AR/DOC/2438/2022.<br/><br/>
505 ## - FORMATTED CONTENTS NOTE
Formatted contents note Sumario: I. Introducción.— II. Beneficios de realizar pasantías internacionales.— III. Las pasantías en Argentina: beneficios y desventajas.— IV. Las prácticas no laborales en España.— V. Autorización de residencia para realizar prácticas en España de la disposición adicional 18ª de la ley 14/2013.— VI. Conclusión.— VII. Bibliografía.
505 ## - FORMATTED CONTENTS NOTE
Title ¿Te interesa el texto completo? Solicitalo al correo: koha@justierradelfuego.gov.ar
650 #0 - SUBJECT ADDED ENTRY--TOPICAL TERM
9 (RLIN) 1316
Topical term or geographic name as entry element DERECHO LABORAL
650 #0 - SUBJECT ADDED ENTRY--TOPICAL TERM
9 (RLIN) 6807
Topical term or geographic name as entry element PASANTÍAS
773 0# - HOST ITEM ENTRY
Host Biblionumber 2711
Host Itemnumber 3168
Place, publisher, and date of publication Ciudad Autónoma de Buenos Aires : Thomson Reuters La Ley, 1999-2002.
Title Revista de derecho del trabajo. Nº 5 - Septiembre 2022
942 ## - ADDED ENTRY ELEMENTS (KOHA)
Source of classification or shelving scheme
Koha item type Analítica Artículo de Revista

No hay ítems disponibles.

12 de Octubre 789 Ushuaia - Tel:  54(02901)441571
Horario de Atención: 8.00 a 17.00 hs. 
bibliotecaush@justierradelfuego.gov.ar
koha@justierradelfuego.gov.ar
Seguinos en nuestras redes @bibliojustdf 

Con tecnología Koha